Svobodné Slovo. Roč. 48, č. 153-230, 1992

Bibliographic Details
Format: Book
Language:Undetermined
Published: Praha Melantrich 1992

MARC

LEADER 00000nam a2200000 a 4500
001 vtls001412690
003 SK-MaSNL
005 20260224155006.0
008 010504s1992 xx 0 und
035 |a SNK000367407 
040 |a SNK  |b slo  |c SNK  |e AACR2 
245 1 |a Svobodné Slovo. Roč. 48, č. 153-230, 1992 
260 |a Praha  |b Melantrich  |c 1992 
999 |c 1069257  |d 1071187 
952 |t P60, <06>, [BOOK], {606}  |a SNK  |b SNK  |y PREZ  |7 0  |p 17A0299062  |o snkČA 165/P/48/1992/3  |0 0  |1 1  |4 0  |d 2001-05-04  |l 0  |r 2005-01-02 00:00:00  |w 2026-02-24 
952 |t P60, <06>, [ISSBD], {606}  |a SNK  |b SNK  |y PREZ  |7 0  |p 17A0433532  |o snkČA 165/VI/1/1950  |i snk1110/50  |0 0  |1 1  |4 0  |d 2004-07-14  |l 0  |r 2005-01-02 00:00:00  |w 2026-02-24 
952 |t P60, <06>, [ISSBD], {606}  |a SNK  |b SNK  |y PREZ  |7 0  |p 17A0433489  |o snkČA 165/VII./1/1951  |i snk134/52  |0 0  |1 1  |4 0  |d 2004-07-14  |l 0  |r 2005-01-02 00:00:00  |w 2026-02-24 
952 |t č. 1-15  |a SNK  |b SNK  |y PREZ  |7 0  |p 17A0454120  |o snkČA 165/p/49/1993  |i snkČIP 3994/93  |0 0  |1 0  |4 0  |d 2004-12-13  |l 0  |r 2005-01-02 00:00:00  |w 2026-02-24